000 00685nam a2200289Ia 4500
005 20260324143736.0
008 008 260324s9999 xx 000 0 eng d
020 _a9781315860725
037 _aEBOOK
040 _aCRL
040 _beng
040 _cCRL
041 _2eng
041 _aeng
084 _qCRL
100 _aMaureen Muldoon
_91216759
245 4 _aThe Abortion Debate in the United States and Canada
245 2 _bA Source Book
260 _bTaylor and Francis
260 _c1991
365 _a
365 _b170
856 _uhttp://www.taylorfrancis.com/books/9781315860725
942 _cEBOOK
999 _c1822518
_d1822518